000 00650nam a2200217Ia 4500
001 9034
003 GE_BSU
008 181216s||||||||xx |||||||||||||| ||und||
040 _cGE_BSU
100 _aინჯია,ჯემალ
245 _aლიახვმა თქვა
245 _bლექსები
245 _cრედ.გ.ხორნაული.მხატვ.ვ.მდინარაძე
260 _aთბილისი
260 _bნაკადული
260 _c1965
300 _a50გვ.16სმ.
653 _aლექსები
653 _aლიახვმა თქვა
942 _cBK
999 _c42338
_d42338